| 000 | 00880nam a2200229Ia 4500 | ||
|---|---|---|---|
| 003 | OSt | ||
| 005 | 20220923212005.0 | ||
| 006 | a|||||r|||| 00| 0 | ||
| 007 | ta | ||
| 008 | 220922b |||||||| |||| 00| 0 hin d | ||
| 024 | _a78,196 | ||
| 037 | _cTextual | ||
| 040 |
_aARTS _cARTS _bhin |
||
| 041 |
_2hin _ahin |
||
| 082 | _aR693xK08,1, 152K4 | ||
| 100 |
_aयशोविजय _9156280 |
||
| 245 | 0 | _aजैन तर्क भाषा, अनु शोभाचन्द्र भारिल्ल | |
| 246 | _aJain tarka bhāṣhā, anu0 shobhāchandra bhārilla | ||
| 260 |
_aअहमदनगर _b श्री तिलोक रत्न स्थानकवासी जैन धार्मिक परीक्षा बोर्ड _c1964 |
||
| 942 |
_hR693xK08,1, 152K4 _cTEXL _2CC |
||
| 999 |
_c305213 _d305213 |
||